000 02550njm a2200493 c 4500
999 _c227883
_d227883
003 BLK
005 20240624152139.0
008 180410b bul||n||s|||||||| n|bulo|
010 _aCDD00008772000
040 _aBLK
041 _aBUL
_cBUL
072 7 _2bullib
_aФ
_xНови некнижни
072 7 _2bullib
_aРА
_xРусенски автори
080 _aАктьори, театрални
_b792.071.2
_x(497.215)(092)
_z792.071.2(497.215)(092)
080 _aБългарски актьор
_b929 Чиприянов, Никола Йозов
_z929 Чиприянов, Никола Йозов
100 _aЧиприянов, Никола
_d1945 - 2010
_gБългарски актьор, Русенски драматичен театър "сава Огнянов"
_9280572
139 _aЧиприянов, Никола
_bЧ 83
245 1 0 _aСлучайността е другото име на Бога [видео CD]
_bЛичен архив
_cНикола Чиприянов; състав. Ана Чиприянова; състав. Мая Ангелова; състав. Мира Живодарова Душкова.
257 _aBGR
260 _bАртцентрик
_c2015
300 _a(1,31 GB)
_c12 см
380 _a7
500 _aДигитално изд. - Прил. към кн. със същото загл. и сигн. 274007. Съдържа Личен архив ; Аудиозапис Едисон ; Моноспектакъл Поезия до поискване ; Кн. Принцип на синхронността / Н. Чиприянов.
600 1 4 _aЧиприянов, Никола Йозов
_9337293
650 4 _aЧиприянов, Никола Йозов
_9337293
650 4 _aАктьори, български
_9263862
650 4 _aАртисти, български
_9255582
651 4 _aРусе
_9179462
651 4 _aБългария
_9241624
653 _aНикола Чиприянов
659 _aФ
700 1 _aЧиприянова, Ана
_eсъстав.
_9337292
700 1 _aАнгелова, Мая
_eсъстав.
_9370793
700 _aДушкова, Мира Живодарова
_d1974-
_9268631
760 1 _aЧиприянов, Никола
_t
852 _aЦб CD 3933
_p0
852 _aК 792/Ч 83
856 4 _qpdf
_u
856 4 _qpdf
_u
942 _cCDD
_n0
_s1
944 _aCR
_c28.04.2015
_k30535
_lХристина Везирева
944 _aED
_c20.05.2015
_kВиолета_Тройчева
999 _d227883